Ògbójú Ode nínú Igbó irúnmolè

Gardado en:
Detalles Bibliográficos
Autor Principal: FÁGÚNWÀ, D.O
Formato: Libro
Idioma:inglés
Publicado: Nelson Publishers 2005
Tags: Engadir etiqueta
Sen Etiquetas, Sexa o primeiro en etiquetar este rexistro!

MARC

LEADER 00000nam a22000007a 4500
008 211202b ||||| |||| 00| 0 eng d
020 |a  978-126-237-0 
100 |a FÁGÚNWÀ, D.O. 
245 |a Ògbójú Ode nínú Igbó irúnmolè  |c  D.O. Fágúnwà  |g . 102p. 
260 |b Nelson Publishers  |c  2005  |h . Ibadan:   |i 681043 - Afr  |i  681044  |l PL8824 .F27F12  |m Yoruba language - Texts.  |m Title. 
942 |a lcc  |c BK  |e J. O. Ifatola  |f 02/ 12/ 2021 
952 |0 0  |1 0  |2 lcc  |4 0  |6 PL8824 F27 F12  |7 0  |9 3938  |a AC  |b HOL  |c LP  |d 2021-12-02  |l 0  |o PL8824 .F27F12  |p 2021-67660  |r 2021-12-02 00:00:00  |t 681043, 681044  |w 2021-12-02  |y BK 
999 |c 1972  |d 1972